Situación de los materiales educativos en la subregión andina

Bewaard in:
Bibliografische gegevens
Hoofdauteurs: Hauzeur F., René (Auteur), Vargas de Avella, Martha (Auteur), Aponte G., calaudia (Auteur), Jaramillo H., Bernardo (Auteur)
Formaat: Boek
Taal:Spaans
Gepubliceerd in: Bogotá SECAB 1993
Reeks:Programa Materiales Educativos y Calidad de la Educación Básica
Onderwerpen:
Tags: Voeg label toe
Geen labels, Wees de eerste die dit record labelt!

MARC

LEADER 00000nam a2200000 a 4500
001 UCY1938
003 CL-VaPUC
008 940929e19930000CK |||||||||||||||||spa|d
082 0 4 |a 371.3078  |b HAU  |2 21 
100 |a Hauzeur F., René  |e author  |9 335061 
700 0 |a Vargas de Avella, Martha  |e author  |9 330017 
700 0 |a Aponte G., calaudia  |e author  |9 330018 
700 0 |a Jaramillo H., Bernardo  |e author  |9 330019 
245 1 0 |a Situación de los materiales educativos en la subregión andina 
300 |a 141 p 
942 |c BK 
945 |d 19940929 00:00:00  |a rbrito 
260 |a Bogotá  |b SECAB  |c 1993 
650 0 |a Innovaciones pedagógicas  |9 307471 
650 0 |a Calidad de la educación   |9 307271 
583 |a last modification  |c 19940929 00:00:00  |k Rodrigo Vera 
490 0 |a Programa Materiales Educativos y Calidad de la Educación Básica 
999 |c 230506  |d 230504 
952 |0 0  |1 0  |4 0  |6 371_307800000000000_HAU_1993  |7 0  |8 A  |9 232841  |a BIBEDU  |b BIBEDU  |d 2019-11-15  |i 3021599  |o 371.3078 HAU 1993  |p 3021599  |r 2019-11-15  |w 2019-11-15  |y BK  |k EDU 
952 |0 0  |1 0  |4 0  |6 371_307800000000000_HAU_1993  |7 0  |8 A  |9 232842  |a BIBEDU  |b BIBEDU  |d 2019-11-15  |i 3224988  |o 371.3078 HAU 1993  |p 3224988  |r 2019-11-15  |w 2019-11-15  |y BK  |k EDU 
952 |0 0  |1 0  |4 0  |6 371_307800000000000_HAU_1993  |7 0  |8 A  |9 232843  |a BIBEDU  |b BIBEDU  |d 2019-11-15  |i 3517799  |o 371.3078 HAU 1993  |p 3517799  |r 2019-11-15  |w 2019-11-15  |y BK  |k BME